[Event "World Cup U16 KO"]
[Site "Tornelo INT"]
[Date "2021.08.27"]
[Round "2.2"]
[White "Hoffmann, Yair"]
[Black "Ramos Aranda, Zahid"]
[Result "0-1"]
[WhiteElo "2358"]
[BlackElo "1546"]
[PlyCount "110"]
[EventDate "2021.08.26"]
[EventType "k.o. (rapid)"]
[EventRounds "4"]
[EventCountry "NET"]
[SourceTitle "CBM 204 Extra"]
[Source "ChessBase"]
[SourceDate "2021.11.30"]
[SourceVersion "1"]
[SourceVersionDate "2021.11.30"]
[SourceQuality "1"]

1. d4 Nf6 2. c4 g6 3. g3 Bg7 4. Bg2 0-0 5. Nc3 c5 6. dxc5 Qa5 7. Qa4 Qxc5 8. Be3 Qc7 9. Nh3 Nc6 10. Nf4 d6 11. Nfd5 Nxd5 12. Nxd5 Qd8 13. 0-0 Rb8 14. Qa3 b6 15. Rfd1 Bb7 16. Rac1 Qd7 17. b4 Ba8 18. Qa4 Rfd8 19. a3 h6 20. Qb3 Kh7 21. h3 e6 22. Nc3 Qe7 23. Nb5 Rd7 24. Rd2 Rbd8 25. Rcd1 f5 26. Nd4 Nxd4 27. Bxd4 Bxg2 28. Kxg2 e5 29. Bb2 Qf7 30. Rd5 h5 31. Bc1 Rc7 32. Bg5 Rdc8 33. Rxd6 b5 34. Be3 bxc4 35. Qc2 c3 36. R6d5 e4 37. Bc5 Qe8 38. a4 a5 39. Bb6 axb4 40. Bxc7 Rxc7 41. Rb5 Qe7 42. Qb3 Bf8 43. a5 h4 44. a6 e3 45. Qd5 exf2 46. Rb7 c2 47. Rc1 Rxb7 48. Qxb7 b3 49. Kxf2 Qxb7 50. axb7 hxg3+ 51. Kg2 Bd6 52. Ra1 b2 53. Ra7 Kh6 54. b8Q Bxb8 55. Rh7+ Kxh7 0-1

[Event "World Cup U16 KO"]
[Site "Tornelo INT"]
[Date "2021.08.27"]
[Round "2.1"]
[White "Ramos Aranda, Zahid"]
[Black "Hoffmann, Yair"]
[Result "1-0"]
[WhiteElo "1546"]
[BlackElo "2358"]
[PlyCount "199"]
[EventDate "2021.08.26"]
[EventType "k.o. (rapid)"]
[EventRounds "4"]
[EventCountry "NET"]
[SourceTitle "CBM 204 Extra"]
[Source "ChessBase"]
[SourceDate "2021.11.30"]
[SourceVersion "1"]
[SourceVersionDate "2021.11.30"]
[SourceQuality "1"]

1. Nf3 d5 2. g3 c6 3. Bg2 Bg4 4. 0-0 Nd7 5. d4 Ngf6 6. Bf4 e6 7. Nbd2 h6 8. c4 g5 9. Be3 Be7 10. cxd5 exd5 11. Ne5 Nxe5 12. dxe5 Nd7 13. Rc1 Nxe5 14. Bd4 Bf6 15. h3 Bh5 16. Qb3 0-0 17. Bxe5 Bxe5 18. g4 Bg6 19. Qxb7 Rb8 20. Qxc6 Rxb2 21. Rfd1 Qf6 22. Qxf6 Bxf6 23. Bxd5 Rd8 24. e4 Rd7 25. Nc4 Rb8 26. Kf1 Kg7 27. Ne3 Be5 28. Rc6 Bf4 29. Nf5+ Bxf5 30. gxf5 Be5 31. Rd2 Rb1+ 32. Kg2 h5 33. Rdc2 Rb8 34. Bb3 g4 35. hxg4 hxg4 36. R2c5 Re8 37. f6+ Kg6 38. Ra6 Bd4 39. Rc4 Red8 40. e5 Bxe5 41. Rxg4+ Kf5 42. Rg7 Bxf6 43. Bc2+ Ke5 44. f4+ Kxf4 45. Rxf6+ Ke5 46. Rgxf7 Rg8+ 47. Kf3 Rd2 48. Rc6 Rdg2 49. Rf5+ Kd4 50. Rd6+ Kc3 51. Rc6+ Kd4 52. Rf4+ Ke5 53. Ke3 R8g3+ 54. Rf3 Rxf3+ 55. Kxf3 Rh2 56. Ke3 Rh3+ 57. Kd2 Kd5 58. Rc8 Rg3 59. Bd3 Kd6 60. Kc3 Kd7 61. Rc4 Kd6 62. a4 a5 63. Rh4 Rg5 64. Rf4 Rc5+ 65. Rc4 Rg5 66. Kd4 Rd5+ 67. Ke3 Rh5 68. Be4 Rh2 69. Kd4 Rd2+ 70. Bd3 Ra2 71. Be4 Rd2+ 72. Ke3 Ra2 73. Bc2 Kd5 74. Rc8 Ra3+ 75. Kd2 Kd4 76. Ra8 Rh3 77. Rxa5 Rh2+ 78. Kc1 Kc3 79. Rc5+ Kb4 80. Rc8 Rh1+ 81. Kb2 Rh2 82. Rg8 Rf2 83. Rg4+ Ka5 84. Kc3 Rf3+ 85. Bd3 Rh3 86. Rd4 Rg3 87. Kb3 Rg5 88. Rf4 Rg3 89. Rf5+ Kb6 90. Rd5 Rg4 91. a5+ Ka7 92. a6 Rf4 93. Rd7+ Ka8 94. Bc4 Rf3+ 95. Kb4 Rf4 96. Kc5 Rf5+ 97. Bd5+ Rxd5+ 98. Kxd5 Kb8 99. Kc6 Ka8 100. Kb6 1-0

[Event "Petah Tikva Autumn 2"]
[Site "Petah Tikva"]
[Date "2019.11.17"]
[Round "8"]
[White "Kupervaser, Erez"]
[Black "Hoffmann, Yair"]
[Result "1-0"]
[WhiteElo "2288"]
[BlackElo "2263"]
[PlyCount "69"]
[EventDate "2019.10.23"]
[EventType "tourn"]
[EventRounds "9"]
[EventCountry "ISR"]
[EventCategory "2"]
[SourceTitle "CBM 193 Extra"]
[Source "ChessBase"]
[SourceDate "2020.01.31"]
[SourceVersion "1"]
[SourceVersionDate "2020.01.31"]
[SourceQuality "1"]

1. e4 c6 2. d4 d5 3. e5 Bf5 4. Nc3 e6 5. g4 Bg6 6. Nge2 c5 7. h4 h5 8. Nf4 Bh7 9. Nxh5 Nc6 10. Bb5 Bg6 11. Bg5 f6 12. exf6 gxf6 13. Be3 Bxh5 14. gxh5 f5 15. Qe2 Qd7 16. 0-0-0 Nf6 17. dxc5 0-0-0 18. Bg5 Bh6 19. Bxc6 bxc6 20. Rd4 Kb7 21. Na4 Ka8 22. Bxh6 Rxh6 23. Qa6 Qb7 24. Qa5 Qe7 25. Nb6+ Kb8 26. Rb4 axb6 27. Qxb6+ Kc8 28. Qa6+ Kd7 29. Rb7+ Ke8 30. Rxe7+ Kxe7 31. Qxc6 Rxh5 32. Rg1 Rh7 33. Qc7+ Rd7 34. Qb6 Ne8 35. Rg6 1-0

[Event "Petah Tikva Autumn 2"]
[Site "Petah Tikva"]
[Date "2019.10.27"]
[Round "2"]
[White "Hoffmann, Yair"]
[Black "Vagman, Roy"]
[Result "1-0"]
[WhiteElo "2263"]
[BlackElo "2031"]
[PlyCount "57"]
[EventDate "2019.10.23"]
[EventType "tourn"]
[EventRounds "9"]
[EventCountry "ISR"]
[EventCategory "2"]
[SourceTitle "CBM 193 Extra"]
[Source "ChessBase"]
[SourceDate "2020.01.31"]
[SourceVersion "1"]
[SourceVersionDate "2020.01.31"]
[SourceQuality "1"]

1. d4 Nf6 2. c4 g6 3. Nc3 d5 4. Bf4 Bg7 5. e3 0-0 6. Rc1 dxc4 7. Bxc4 c5 8. dxc5 Qa5 9. Nf3 Qxc5 10. Bb3 Nc6 11. 0-0 Qa5 12. h3 Bf5 13. Qe2 Rad8 14. e4 Nh5 15. Bd2 Rxd2 16. Qxd2 Be6 17. Rfd1 Bxb3 18. axb3 e5 19. Qc2 Bh6 20. Ra1 Qc5 21. Qe2 Rc8 22. Qb5 Qxb5 23. Nxb5 a6 24. Nd6 Rc7 25. Nc4 f6 26. g3 Ng7 27. Rd6 Ne8 28. Rd5 Kf8 29. Rad1 1-0

[Event "Suwalki Warakomska Memorial op 3rd"]
[Site "Suwalki"]
[Date "2019.08.08"]
[Round "5"]
[White "Hoffmann, Yair"]
[Black "Szadkowski, Kamil"]
[Result "1/2-1/2"]
[WhiteElo "2101"]
[BlackElo "2245"]
[PlyCount "43"]
[EventDate "2019.08.05"]
[EventType "swiss"]
[EventRounds "9"]
[EventCountry "POL"]
[SourceTitle "CBM 191 Extra"]
[Source "ChessBase"]
[SourceDate "2019.09.30"]
[SourceVersion "1"]
[SourceVersionDate "2019.09.30"]
[SourceQuality "1"]

1. d4 Nf6 2. c4 g6 3. Nc3 Bg7 4. Nf3 0-0 5. g3 Nc6 6. Bg2 d6 7. 0-0 a6 8. d5 Na5 9. b3 c5 10. dxc6 Nxc6 11. Bb2 Qa5 12. Nd5 Nxd5 13. Bxg7 Nc3 14. Bxc3 Qxc3 15. e3 Rd8 16. Nd4 Bd7 17. Qe2 Rab8 18. Rac1 Qa5 19. Rfd1 Rdc8 20. Qb2 Qh5 21. Ne2 Ne5 22. Nd4 1/2-1/2

[Event "Suwalki Warakomska Memorial op 3rd"]
[Site "Suwalki"]
[Date "2019.08.05"]
[Round "1"]
[White "Hoffmann, Yair"]
[Black "Zylka, Stanislaw"]
[Result "0-1"]
[WhiteElo "2101"]
[BlackElo "2336"]
[PlyCount "96"]
[EventDate "2019.08.05"]
[EventType "swiss"]
[EventRounds "9"]
[EventCountry "POL"]
[SourceTitle "CBM 191 Extra"]
[Source "ChessBase"]
[SourceDate "2019.09.30"]
[SourceVersion "1"]
[SourceVersionDate "2019.09.30"]
[SourceQuality "1"]

1. d4 Nf6 2. c4 g6 3. Nc3 d5 4. Nf3 Bg7 5. Bf4 0-0 6. e3 c5 7. dxc5 Qa5 8. Rc1 dxc4 9. Bxc4 Nc6 10. 0-0 Qxc5 11. Bb3 Qa5 12. h3 Bf5 13. Qe2 Qb4 14. g4 Bd7 15. Rfd1 Rad8 16. Bc7 Rc8 17. Bg3 h6 18. e4 Be6 19. e5 Nh7 20. Nd5 Bxd5 21. Bxd5 Nd4 22. Nxd4 Rxc1 23. Rxc1 Qxd4 24. Rd1 Qb6 25. h4 Rd8 26. Bb3 Rxd1+ 27. Qxd1 Nf8 28. Kg2 e6 29. Qd3 Qc6+ 30. Qf3 Qc7 31. Qe3 Nd7 32. f4 b5 33. g5 h5 34. Bf2 a6 35. Qe4 Qc8 36. Bd1 Bf8 37. Bf3 Qc1 38. Qc6 Qd2 39. Kg3 Kg7 40. b3 Ba3 41. Qxa6 Bc5 42. Bxc5 Nxc5 43. Qb6 Nd3 44. Qd4 b4 45. Bb7 Qc3 46. Qd8 Nxe5+ 47. Kg2 Ng4 48. Kf1 Qe3 0-1

[Event "Netanya op"]
[Site "Netanya"]
[Date "2019.07.01"]
[Round "8"]
[White "Aharon, Ofir"]
[Black "Hoffmann, Yair"]
[Result "1-0"]
[WhiteElo "2302"]
[BlackElo "2140"]
[PlyCount "53"]
[EventDate "2019.06.23"]
[EventType "swiss"]
[EventRounds "9"]
[EventCountry "ISR"]
[SourceTitle "CBM 191 Extra"]
[Source "ChessBase"]
[SourceDate "2019.09.30"]
[SourceVersion "1"]
[SourceVersionDate "2019.09.30"]
[SourceQuality "1"]

1. e4 c6 2. d4 d5 3. e5 Bf5 4. g4 Bd7 5. Nc3 e6 6. Be3 Qc7 7. f4 h5 8. gxh5 Nh6 9. Bh3 c5 10. Nf3 cxd4 11. Nxd4 Bb4 12. Bd2 Na6 13. a3 Bxc3 14. Bxc3 Nc5 15. 0-0 Na4 16. Rf3 Rc8 17. Qd2 Qb6 18. Rg3 0-0 19. Kh1 Nxc3 20. bxc3 Kh8 21. Rag1 Rg8 22. f5 Nxf5 23. Bxf5 exf5 24. e6 fxe6 25. Rxg7 e5 26. Qg5 Rgd8 27. Rh7+ 1-0

[Event "Netanya op"]
[Site "Netanya"]
[Date "2019.06.25"]
[Round "3"]
[White "Hoffmann, Yair"]
[Black "Gorodetzky, David"]
[Result "0-1"]
[WhiteElo "2140"]
[BlackElo "2461"]
[PlyCount "116"]
[EventDate "2019.06.23"]
[EventType "swiss"]
[EventRounds "9"]
[EventCountry "ISR"]
[SourceTitle "CBM 191 Extra"]
[Source "ChessBase"]
[SourceDate "2019.09.30"]
[SourceVersion "1"]
[SourceVersionDate "2019.09.30"]
[SourceQuality "1"]

1. d4 Nf6 2. Nf3 d5 3. Bf4 c5 4. e3 Nc6 5. c3 Nh5 6. Bg3 Nxg3 7. hxg3 Qd6 8. Nbd2 cxd4 9. exd4 g6 10. Be2 Bg7 11. Nb3 0-0 12. Qd2 a5 13. Qf4 Qf6 14. Nc5 h5 15. Qxf6 Bxf6 16. 0-0-0 Rb8 17. Nd3 Bg4 18. a3 Rfc8 19. Kb1 Rc7 20. Rhe1 Bf5 21. Ka2 Bxd3 22. Bxd3 b5 23. b4 Na7 24. Kb2 Nc8 25. Nd2 a4 26. f4 Nd6 27. Nf3 e6 28. Ne5 Bxe5 29. fxe5 Nf5 30. Bxf5 exf5 31. Rh1 Re8 32. Rde1 Rce7 33. Re2 f6 34. Rhe1 Kf7 35. Kc2 fxe5 36. dxe5 Ke6 37. c4 dxc4 38. Rd2 Rd7 39. Rxd7 Kxd7 40. Rd1+ Ke6 41. Rd6+ Kxe5 42. Rxg6 Re6 43. Rg8 Kf6 44. Rf8+ Kg6 45. Rg8+ Kf7 46. Rg5 Kf6 47. Rxh5 Re2+ 48. Kd1 Rxg2 49. Rh6+ Kg5 50. Rb6 Rxg3 51. Rxb5 Rxa3 52. Rc5 Rb3 53. Rxc4 a3 54. Rc2 Rxb4 55. Rg2+ Rg4 56. Ra2 Rg1+ 57. Kc2 Rg2+ 58. Kb3 Rxa2 0-1

[Event "Netanya op"]
[Site "Netanya"]
[Date "2019.06.23"]
[Round "1"]
[White "Hoffmann, Yair"]
[Black "Friedland, Benzi"]
[Result "1-0"]
[WhiteElo "2140"]
[BlackElo "1189"]
[PlyCount "95"]
[EventDate "2019.06.23"]
[EventType "swiss"]
[EventRounds "9"]
[EventCountry "ISR"]
[SourceTitle "CBM 191 Extra"]
[Source "ChessBase"]
[SourceDate "2019.09.30"]
[SourceVersion "1"]
[SourceVersionDate "2019.09.30"]
[SourceQuality "1"]

1. d4 d5 2. c4 e6 3. Nf3 Nf6 4. Nc3 Nc6 5. a3 a6 6. e3 Be7 7. Qc2 Bd7 8. b4 dxc4 9. Bxc4 b5 10. Bd3 Bd6 11. Ne4 Rc8 12. Nc5 Bxc5 13. Qxc5 Qe7 14. Qg5 Qf8 15. 0-0 h6 16. Qg3 g5 17. Ne5 Rg8 18. Nxd7 Nxd7 19. Bb2 Nb6 20. Rac1 Qd6 21. Qh3 e5 22. Be4 Ne7 23. dxe5 Qe6 24. Qxe6 fxe6 25. Bb7 Rb8 26. Be4 Nc4 27. Rc2 Rd8 28. Bd4 Nd5 29. Ra1 Rg7 30. g3 g4 31. Bd3 Ncb6 32. Rd1 Rg5 33. Be2 Rg7 34. e4 Ne7 35. Rxc7 Na4 36. Ra7 Rc8 37. Rxa6 Nc3 38. Bxc3 Rxc3 39. Rxe6 h5 40. Bxb5+ Kf7 41. Rf6+ Kg8 42. Rd8+ Kh7 43. Rdd6 Ng8 44. Rf5 Ne7 45. Rxh5+ Kg8 46. Rd8+ Kf7 47. Be8+ Ke6 48. Rd6# 1-0

[Event "EU-ch U14 28th"]
[Site "Riga"]
[Date "2018.08.24"]
[Round "5"]
[White "Trifan, Andrei Ioan"]
[Black "Hoffmann, Yair"]
[Result "1/2-1/2"]
[WhiteElo "2308"]
[BlackElo "2112"]
[PlyCount "82"]
[EventDate "2018.08.20"]
[EventType "swiss"]
[EventRounds "9"]
[EventCountry "LAT"]
[SourceTitle "CBM 186 Extra"]
[Source "ChessBase"]
[SourceDate "2018.08.24"]
[SourceVersion "1"]
[SourceVersionDate "2018.08.24"]
[SourceQuality "1"]

1. e4 c6 2. d4 d5 3. exd5 cxd5 4. c4 Nf6 5. Nc3 e6 6. Nf3 Be7 7. cxd5 Nxd5 8. Bd3 0-0 9. 0-0 Nc6 10. Re1 Nf6 11. a3 b6 12. Bg5 Bb7 13. Bc2 Rc8 14. Qd3 g6 15. Rad1 Nd5 16. Bh6 Nxc3 17. bxc3 Re8 18. c4 Na5 19. Ne5 Bg5 20. Qh3 Bxh6 21. Qxh6 Qf6 22. Ng4 Qg7 23. Qg5 Kf8 24. c5 Red8 25. Qf4 g5 26. Qe3 Bd5 27. Bd3 Bb3 28. Rd2 Rxd4 29. cxb6 axb6 30. Ba6 Rcd8 31. Rxd4 Rxd4 32. Ne5 Rd6 33. Qc3 Kg8 34. Qc7 Rd5 35. Qxb6 Qf6 36. Qb4 Kg7 37. Qe4 Rd6 38. Bd3 h6 39. h3 Bd5 40. Qb4 Qd8 41. Be4 Bxe4 1/2-1/2